Boletn̕ Oficial de ℓlava

Bibliographic Details
Corporate Authors: ℓlava. Diputacin̤ foral, ℓlava (Diputacin̤ foral)
Format: Serial
Language:Spanish
Published: ℓlava : Diputacin̤ foral de ℓlava, [1990] -
Subjects:
Online Access:Acceso restringido

MARC

LEADER 00000nas a22000007a 4500
005 20110902122122.0
008 110902t1990 sp dr|| s||||s00| b1spa d
035 |a 5585 
040 |a vLex 
090 |c 2353  |d 2353 
110 1 |a ℓlava.  |b Diputacin̤ foral 
245 1 0 |a Boletn̕ Oficial de ℓlava  |h [Recurso electrn̤ico] 
246 |a BOG 
256 |a Servico en ln̕ea. 
260 |a ℓlava :  |b Diputacin̤ foral de ℓlava,  |c [1990] -  
300 |a 1 recurso electrn̤ico 
310 |a 3 veces por semana 
362 |a Nm︢. 1 [199?] -  
650 0 4 |a Derecho  |x Legislacin̤  |z Espaą 
710 1 |a ℓlava (Diputacin̤ foral) 
740 0 |a vLex Revistas (Servicio en ln̕ea) 
856 4 0 |u http://vlex.com/source/boletin-oficial-alava-5585/  |z Acceso restringido 
942 |c REV